| 000 | 00547nam a22001817a 4500 | ||
|---|---|---|---|
| 005 | 20251108170930.0 | ||
| 008 | 250721s1996 xx 000 0 ara d | ||
| 082 | 1 | 4 | _aط/529/وقت |
| 245 | 1 | 0 | _aالوقت / |
| 264 | 1 |
_aبيروت : _bمكتبة لبنان ناشرون، _c1996. |
|
| 300 | _a17ص | ||
| 490 | 0 | _aكتب الفراشة : سلسلة خطوتي الأولى | |
| 650 | 1 | 7 | _aالزمن |
| 650 | 1 | 7 | _aالتوقيت |
| 653 | _aأطفال ما قبل المدرسة ( 0 - 5 سنوات ) | ||
| 942 |
_2ddc _cBK |
||
| 999 |
_c52434 _d52434 |
||